| 000 | 01033cam a2200253 a 4500 | ||
|---|---|---|---|
| 001 | 000023396 | ||
| 005 | 20200930022205.0 | ||
| 008 | 750201s1987 mx 001 0 spa d | ||
| 020 | _a9684093721 | ||
| 040 |
_aDO-SdBNP _bspa _cBNPHU |
||
| 041 | 1 | 7 |
_aspa _heng _2Código de idiomas MARC |
| 082 |
_ann* _bnn* |
||
| 100 | 1 |
_aWeintrub, Sidney. _948200 |
|
| 240 | 1 | 0 |
_aFree trade between Mexico and the United States? _lEspañol |
| 245 | 1 | 1 |
_a¿Libre comercio entre México y E.U.A.? : _blas relaciones futuras entre los dos países / _cSidney Weintrub ; traducción Aurora Merino del Villar. |
| 260 |
_aMéxico, D. F. : _bEdamex, _c1987. |
||
| 300 |
_a228 p. ; _c21 cm. |
||
| 490 | 1 | _aLos libros hacen libres a los hombres | |
| 534 |
_aTítulo de la obra en inglés : _tFree trade between Mexico and the United States? |
||
| 504 | _aIncluye notas y referencias bibliográficas al pie de las páginas. | ||
| 700 | 1 |
_aMerino del Villar, Aurora, _etr. _947958 |
|
| 830 | 0 |
_aLos libros hacen libres a los hombres _947738 |
|
| 049 | _aBNGR | ||
| 999 |
_c22893 _d22893 |
||